Restoring humanity through human trafficking courts?

Gespeichert in:  
Bibliographische Detailangaben
VerfasserInnen: Douds, Anne S. (Verfasst von) ; Warburton, Ella R. (Verfasst von) ; Cassidy, Kealy A. (Verfasst von)
Medienart: Druck Aufsatz
Sprache:Englisch
Veröffentlicht: 2021
In: Taking problem-solving courts to scale
Jahr: 2021, Seiten: 239-266
Verfügbarkeit prüfen: HBZ Gateway
Schlagwörter:

MARC

LEADER 00000caa a2200000 c 4500
001 1945162481
003 DE-627
005 20260202171018.0
007 tu
008 251209s2021 xx ||||| 00| ||eng c
020 |a 9781793608413 
035 |a (DE-627)1945162481 
035 |a (DE-599)KXP1945162481 
040 |a DE-627  |b ger  |c DE-627  |e rda 
041 |a eng 
084 |a 2,1  |2 ssgn 
100 1 |a Douds, Anne S.  |e VerfasserIn  |4 aut 
109 |a Douds, Anne S. 
245 1 0 |a Restoring humanity through human trafficking courts?  |c Anne S. Douds, Ella R. Warburton, and Kealy A. Cassidy 
264 1 |c 2021 
336 |a Text  |b txt  |2 rdacontent 
337 |a ohne Hilfsmittel zu benutzen  |b n  |2 rdamedia 
338 |a Band  |b nc  |2 rdacarrier 
500 |a Literaturverzeichnis: Seite 259-266 
689 0 0 |d s  |0 (DE-588)4121346-4  |0 (DE-627)105770124  |0 (DE-576)209542543  |a Gericht  |2 gnd 
689 0 1 |d s  |0 (DE-588)4047577-3  |0 (DE-627)106194216  |0 (DE-576)209073985  |a Prozess  |2 gnd 
689 0 2 |d s  |0 (DE-588)4125897-6  |0 (DE-627)104665149  |0 (DE-576)20958050X  |a Menschenhandel  |2 gnd 
689 0 3 |d s  |0 (DE-588)1253967660  |0 (DE-627)1796400084  |a Sexualisierte Gewalt  |2 gnd 
689 0 4 |d s  |0 (DE-588)4058881-6  |0 (DE-627)106145592  |0 (DE-576)209128313  |a Täter  |2 gnd 
689 0 5 |d s  |0 (DE-588)4055676-1  |0 (DE-627)106157159  |0 (DE-576)209114959  |a Sozialarbeit  |2 gnd 
689 0 6 |d s  |0 (DE-588)4133583-1  |0 (DE-627)105679046  |0 (DE-576)209645121  |a Bewährungsaufsicht  |2 gnd 
689 0 7 |d s  |0 (DE-588)4032312-2  |0 (DE-627)106262262  |0 (DE-576)208996370  |a Kontrolle  |2 gnd 
689 0 |5 (DE-627) 
700 1 |a Warburton, Ella R.  |e VerfasserIn  |4 aut 
700 1 |a Cassidy, Kealy A.  |e VerfasserIn  |4 aut 
773 0 8 |i Enthalten in  |t Taking problem-solving courts to scale  |d Lanham : Lexington Books, 2021  |g (2021), Seite 239-266  |h xi, 326 Seiten  |w (DE-627)1793488479  |z 9781793608413  |7 nnam 
773 1 8 |g year:2021  |g pages:239-266 
951 |a AR 
ELC |b 1 
LOK |0 000 xxxxxcx a22 zn 4500 
LOK |0 001 4824886104 
LOK |0 003 DE-627 
LOK |0 004 1945162481 
LOK |0 005 20251209154206 
LOK |0 008 251209||||||||||||||||ger||||||| 
LOK |0 040   |a DE-2619  |c DE-627  |d DE-2619 
LOK |0 092   |o n 
LOK |0 852   |a DE-2619 
LOK |0 852 1  |9 00 
LOK |0 939   |a 09-12-25  |b l01 
ORI |a SA-MARC-krimdoka001.raw